[Event "Oberliga Wuerttemberg 1213"]
[Site "Wuerttemberg"]
[Date "2013.03.24"]
[Round "8.7"]
[White "Zymberi, Agron"]
[Black "Thoma, Christian"]
[Result "1/2-1/2"]
[WhiteElo "2087"]
[BlackElo "2199"]
[PlyCount "145"]
[EventDate "2012.09.30"]
[EventType "team-tourn"]
[EventRounds "9"]
[EventCountry "GER"]
[SourceTitle "EXT 2019"]
[Source "ChessBase"]
[SourceDate "2018.10.10"]
[SourceVersion "1"]
[SourceVersionDate "2018.10.10"]
[SourceQuality "1"]
[WhiteTeam "Pfullingen"]
[BlackTeam "Schmiden Cannstatt"]
[WhiteTeamCountry "GER"]
[BlackTeamCountry "GER"]

1. d4 Nf6 2. c4 c5 3. d5 e6 4. Nc3 exd5 5. cxd5 d6 6. e4 g6 7. f4 Bg7 8. Bb5+ Nfd7 9. a4 Qh4+ 10. g3 Qd8 11. Nf3 0-0 12. 0-0 a6 13. Be2 Re8 14. Bd3 Nf6 15. f5 c4 16. Bc2 Nbd7 17. Kg2 Nc5 18. fxg6 hxg6 19. Ng5 Bg4 20. Qd2 b6 21. Qf4 Ra7 22. h3 Bc8 23. g4 Rae7 24. Be3 Qc7 25. Bd4 Nh7 26. Bxg7 Kxg7 27. Nxh7 Kxh7 28. Rf2 Kg8 29. Raf1 Bd7 30. Qf6 Bc8 31. Qf4 Nd7 32. e5 Nxe5 33. Ne4 Bb7 34. Kg3 Nd7 35. Nxd6 Rb8 36. Nxf7 Qxf4+ 37. Rxf4 Bxd5 38. Bxg6 Kg7 39. Bh5 Re3+ 40. Kh2 Re2+ 41. Kg3 Rxb2 42. Nd6 c3 43. Rf7+ Bxf7 44. Rxf7+ Kg8 45. Rxd7 c2 46. Rc7 b5 47. axb5 axb5 48. Bg6 Rb6 49. Bh7+ Kh8 50. Nxb5 Rb3+ 51. Kg2 c1Q 52. Rxc1 Kxh7 53. Nd4 Rd3 54. Nf3 Rb2+ 55. Kg3 Rbb3 56. Rf1 Kg7 57. Rf2 Rdc3 58. Kg2 Ra3 59. Kg3 Rc4 60. Rb2 Rcc3 61. Rf2 Rc4 62. h4 Re4 63. h5 Kh6 64. Rb2 Ree3 65. Rf2 Re4 66. Kh4 Rf4 67. Kg3 Re4 68. Rb2 Ree3 69. Rf2 Re4 70. Rf1 Rb4 71. Kh4 Rf4 72. Kg3 Re4 73. Rf2 1/2-1/2

[Event "Reutlingen op 15th"]
[Site "Reutlingen"]
[Date "2010.05.23"]
[Round "5"]
[White "Zymberi, Agron"]
[Black "Zeller, Frank"]
[Result "0-1"]
[WhiteElo "2132"]
[BlackElo "2439"]
[PlyCount "84"]
[EventDate "2010.05.21"]
[EventType "swiss"]
[EventRounds "7"]
[EventCountry "GER"]
[SourceTitle "CBM 136 Extra"]
[Source "ChessBase"]
[SourceDate "2010.07.02"]
[SourceVersion "2"]
[SourceVersionDate "2010.07.15"]
[SourceQuality "1"]

1. d4 Nf6 2. Nf3 c5 3. e3 g6 4. Bd3 Bg7 5. c3 0-0 6. 0-0 d5 7. h3 Nbd7 8. Nbd2 Qc7 9. Re1 b6 10. e4 cxd4 11. cxd4 dxe4 12. Nxe4 Bb7 13. Bd2 Bxe4 14. Bxe4 Nxe4 15. Rxe4 Nf6 16. Bf4 Qb7 17. Re2 Nd5 18. Bg3 Bh6 19. Qb3 Rac8 20. Rae1 e6 21. Ne5 Nf4 22. Re4 Rc1 23. f3 Rxe1+ 24. Rxe1 Nd5 25. Ng4 Bg7 26. Be5 Rc8 27. Ne3 Nxe3 28. Qxe3 Qd5 29. Bxg7 Kxg7 30. b3 Rc2 31. a3 Rb2 32. b4 Rb3 33. Qe5+ Qxe5 34. dxe5 Rxa3 35. Rb1 g5 36. Kf2 Ra2+ 37. Kf1 h5 38. g3 Kg6 39. g4 Rh2 40. gxh5+ Kxh5 41. Rb3 Rxh3 42. Kg2 Rh4 0-1

[Event "Budapest IM"]
[Site "Budapest"]
[Date "1996.??.??"]
[Round "?"]
[White "Turzo, Attila"]
[Black "Zymberi, Agron"]
[Result "1-0"]
[WhiteElo "2300"]
[BlackElo "2150"]
[PlyCount "101"]
[EventDate "1996.??.??"]
[EventType "tourn"]
[EventRounds "11"]
[EventCountry "HUN"]
[EventCategory "2"]
[SourceTitle "EXT 2006"]
[Source "ChessBase"]
[SourceDate "2005.11.24"]
[SourceVersion "1"]
[SourceVersionDate "2005.11.24"]
[SourceQuality "1"]

1. d4 d5 2. Nf3 Nf6 3. c4 e6 4. Nc3 Be7 5. Bf4 0-0 6. e3 c5 7. dxc5 Bxc5 8. Qc2 Nc6 9. a3 Qa5 10. 0-0-0 Ne4 11. Nb5 a6 12. Nc7 e5 13. Rxd5 Nxf2 14. Qxf2 Qxc7 15. Nxe5 Nxe5 16. Bxe5 Qb6 17. Rxc5 Qxc5 18. Qg3 g6 19. Bd6 Qc6 20. Bxf8 Kxf8 21. Qe5 Kg8 22. h4 Bf5 23. h5 Re8 24. Qd4 Qa4 25. Bd3 Bxd3 26. Qxd3 Rc8 27. Rh4 Qa5 28. Qe2 Qg5 29. Rf4 Qxh5 30. Qxh5 gxh5 31. Kd2 Kg7 32. Kc3 Rd8 33. Rd4 Re8 34. Kd3 Re7 35. Rd6 f6 36. Kd4 Kg6 37. e4 h4 38. b4 Kg5 39. c5 Rc7 40. a4 h5 41. b5 axb5 42. axb5 Rf7 43. c6 bxc6 44. bxc6 Kf4 45. Rd7 Rf8 46. c7 Rc8 47. Rg7 Re8 48. Kd5 f5 49. Rf7 Kg3 50. exf5 Kxg2 51. Rh7 1-0

[Event "Budapest IM"]
[Site "Budapest"]
[Date "1996.??.??"]
[Round "?"]
[White "Zymberi, Agron"]
[Black "Delanoy, Arnaud"]
[Result "1-0"]
[WhiteElo "2150"]
[BlackElo "2200"]
[PlyCount "47"]
[EventDate "1996.??.??"]
[EventType "tourn"]
[EventRounds "11"]
[EventCountry "HUN"]
[EventCategory "2"]
[SourceTitle "EXT 2006"]
[Source "ChessBase"]
[SourceDate "2005.11.24"]
[SourceVersion "1"]
[SourceVersionDate "2005.11.24"]
[SourceQuality "1"]

1. e4 c5 2. Nf3 e6 3. Nc3 a6 4. d4 cxd4 5. Nxd4 Qc7 6. Be2 Bb4 7. Qd3 Nf6 8. 0-0 b5 9. Bf3 Nc6 10. Nxc6 dxc6 11. a4 bxa4 12. Qc4 Bxc3 13. Qxc3 Bd7 14. Rxa4 0-0 15. Bg5 e5 16. Be2 c5 17. Bxf6 Bxa4 18. Bxe5 Qc6 19. Bxg7 Rfd8 20. Bh8 f6 21. Bxf6 Bb5 22. Qg3+ Kf7 23. Qg7+ Ke6 24. Bg4+ 1-0

[Event "Budapest IM"]
[Site "Budapest"]
[Date "1996.??.??"]
[Round "?"]
[White "Zymberi, Agron"]
[Black "Kovacs, Attila"]
[Result "1/2-1/2"]
[WhiteElo "2150"]
[BlackElo "2410"]
[PlyCount "173"]
[EventDate "1996.??.??"]
[EventType "tourn"]
[EventRounds "11"]
[EventCountry "HUN"]
[EventCategory "2"]
[SourceTitle "EXT 2006"]
[Source "ChessBase"]
[SourceDate "2005.11.24"]
[SourceVersion "1"]
[SourceVersionDate "2005.11.24"]
[SourceQuality "1"]

1. e4 d6 2. d4 Nf6 3. Nc3 Nbd7 4. Nf3 e5 5. Bc4 Be7 6. Bxf7+ Kxf7 7. Ng5+ Kg8 8. Ne6 Qe8 9. Nxc7 Qg6 10. 0-0 Rb8 11. dxe5 dxe5 12. f4 Qh5 13. Be3 Qxd1 14. Raxd1 b6 15. N7d5 Bc5 16. Bxc5 bxc5 17. Ne7+ Kf7 18. Nc6 Ba6 19. fxe5 Bxf1 20. exf6 Rb7 21. Rxd7+ Rxd7 22. Ne5+ Ke6 23. Nxd7 Kxd7 24. fxg7 Rg8 25. Kxf1 Rxg7 26. g3 Ke6 27. Ke2 Ke5 28. Ke3 h5 29. Na4 c4 30. b3 h4 31. gxh4 Rg4 32. Nc3 Rxh4 33. bxc4 a6 34. c5 Rh3+ 35. Kd2 Kd4 36. Ne2+ Kxc5 37. e5 Rxh2 38. Kd3 Kd5 39. Nc1 Rh3+ 40. Kd2 Kxe5 41. Nd3+ Kd4 42. c3+ Kc4 43. Nb2+ Kb5 44. Kc2 a5 45. Kb3 Rh4 46. a4+ Kc5 47. Nd3+ Kd5 48. Nb2 Rh1 49. Nc4 Rb1+ 50. Kc2 Ra1 51. Nxa5 Rxa4 52. Nb3 Ra2+ 53. Kd3 Rh2 54. c4+ Ke5 55. Kc3 Rh8 56. Nd2 Rb8 57. Nf3+ Kf4 58. Nd4 Rh8 59. Nb5 Rh1 60. Kd4 Rd1+ 61. Kc5 Ke5 62. Kc6 Rd8 63. Kc7 Rh8 64. Kc6 Ke4 65. Kc5 Ke5 66. Kb4 Ke4 67. Kc5 Kd3 68. Nd6 Rh5+ 69. Kb4 Rh4 70. Kc5 Kc3 71. Nb5+ Kb3 72. Nd4+ Ka4 73. Nc6 Rh5+ 74. Kd4 Kb3 75. Ne5 Rg5 76. Nc6 Rg4+ 77. Kd5 Kc3 78. Ne5 Rd4+ 79. Ke6 Re4 80. Kd5 Re1 81. c5 Rd1+ 82. Ke6 Kd4 83. c6 Re1 84. c7 Rxe5+ 85. Kd7 Rd5+ 86. Ke8 Rc5 87. Kd7 1/2-1/2